00402nam a2200121Ia 4500008004000000020001800040082001500058100002200073245008000095260004000175300000800215650005700223210210b2001 xxu||||| |||| 00| 0 eng d a81 7764 167 0 a574.5 SHAW aSHARMA (Subhash). aWhy people protest: an analysis of ecological movements in the third world. aNew Delhi.bAllied Publishersc2001 a278 aEcological Movements Chipko, Silent Valley Narmada